000 00803cam a2200241 a 4500
001 1562293
005 20180221044802.0
008 921223s1993 nhu b 001 0 eng
010 _a 92047034
020 _a0435087886
040 _aDLC
_cDLC
_dDLC
_dOCoLC
_dDLC
041 _aeng
043 _an-us---
_an-us-il
080 _a371.102 ste
082 0 0 _a371.102 ste
_220
100 1 _a48
101 _aedu
245 1 0 _aBest practice :
_cSteven Zemelman, Harvey Daniels, Arthur Hyde.
504 _aIncludes bibliographical references and index.
906 _a7
_bcbc
_corignew
_d1
_eocip
_f19
_gy-gencatlg
942 _2ddc
_cBK
999 _c43020
_d43020